| 000 | 00530nam a2200157 4500 | ||
|---|---|---|---|
| 001 | 133287 | ||
| 003 | ES-MaACL | ||
| 005 | 20230906194351.0 | ||
| 007 | t| | ||
| 008 | 070214s1929 sp r ||||1| spa d | ||
| 100 | 1 |
_aRubio y Muñoz-Bocanegra, Angel. _9100455 |
|
| 245 | 1 | 0 |
_aExtremadura y América _b: emocionario y breves notas previos a un estudio histórico / _cA. Rubio y Muñoz-Bocanegra. |
| 260 |
_aSevilla : _b[s. n.], _c1929 ( _fTip. Moderna) |
||
| 300 |
_a74 p. ; _c22 x 14 cm + _e6 map. |
||
| 852 |
_aES-MaACL _j1733-F-5 |
||
| 999 |
_c133287 _d133287 |
||